Editoriál v britskej tlači
Štruktúra a kompozícia editoriálov publikovaných v troch typologicky odlišných britských denníkoch.
Salvato in:
| Autore principale: | |
|---|---|
| Natura: | Capitolo di libro |
| Lingua: | slovacco |
| Soggetti: | |
| Tags: |
Nessun Tag, puoi essere il primo ad aggiungerne!!
|
MARC
| LEADER | 00000naa$a2200000$$$4500 | ||
|---|---|---|---|
| 001 | 0197037 | ||
| 005 | 20240502073325.7 | ||
| 041 | 0 | |a slo | |
| 044 | |a SK | ||
| 245 | 1 | 0 | |a Editoriál v britskej tlači |c Mariana Schmidtová |
| 520 | |a Štruktúra a kompozícia editoriálov publikovaných v troch typologicky odlišných britských denníkoch. | ||
| 610 | 2 | 0 | |a žurnalistika |
| 610 | 2 | 0 | |a novinárstvo |
| 610 | 2 | 0 | |a publicistika |
| 610 | 2 | 0 | |a spracovanie textov |
| 610 | 2 | 0 | |a médiá |
| 610 | 2 | 0 | |a štylistika |
| 610 | 2 | 0 | |a vydavateľstvá |
| 100 | 1 | |a Schmidtová, Mariana | |